| 000 | 00377pab a2200145 454500 | ||
|---|---|---|---|
| 008 | 180718b1988 xxu||||| |||| 00| 0 eng d | ||
| 100 | _aRaychaudhuri, Ajitava | ||
| 245 | _aSome determinants of the dynamics of land sale in the Third World agriculture | ||
| 260 | _c1988 | ||
| 300 | _a361-72 | ||
| 362 | _aDec. | ||
| 650 | _aLand | ||
| 773 | _aArtha Vijnama | ||
| 909 | _a12019 | ||
| 999 |
_c12019 _d12019 |
||